| 000 | 00473nam a2200181 a 4500 | ||
|---|---|---|---|
| 001 | 1758288235998 | ||
| 003 | YourLibrary | ||
| 005 | 20250920112002.0 | ||
| 008 | 250919s2008##################000#0#eng## | ||
| 020 | _a9788172238018 | ||
| 082 | 0 | 4 |
_a153.35 _bDUG |
| 100 | 1 |
_aDuggan, William, _eauthor. |
|
| 245 | 1 | 0 | _aStrategic Intuition : |
| 260 |
_bCollins India, _c2008. |
||
| 650 | 0 | _aBusiness & Economics. | |
| 942 | _cENGLISH | ||
| 040 |
_aYourLibrary _beng _cYourLibrary |
||
| 999 |
_c588293 _d588293 |
||